Reaction mechanism in organic chemistry (Record no. 23362)

MARC details
000 -LEADER
fixed length control field 00460nam a2200169Ia 4500
008 - FIXED-LENGTH DATA ELEMENTS--GENERAL INFORMATION
fixed length control field 230917s9999||||xx |||||||||||||| ||und||
020 ## - ISBN
Price RS595
040 ## - CATALOGING SOURCE
-- 241376
Original cataloging agency VIVEKANANDA LIBRARY
041 ## - Language
-- English
082 ## - DDC NUMBER
Classification number 547.139 M896R
100 ## - MAIN ENTRY--PERSONAL NAME
Personal name Mukherji, S M
245 #0 - TITLE STATEMENT
Title Reaction mechanism in organic chemistry
260 ## - PUBLICATION, DISTRIBUTION, ETC. (IMPRINT)
Place of publication, distribution, etc Benguluru
Name of publisher, distributor, etc Trinity Press
Date of publication, distribution, etc 2017
300 ## - PHYSICAL DESCRIPTION
Pages xiv, 705 p.
500 ## - GENERAL NOTE
General note 2799 27/07/2017 RBP17/67009 01/09/2017 Main Budget
942 ## - ADDED ENTRY ELEMENTS (KOHA)
Koha item type Books
Holdings
Withdrawn status Lost status Damaged status Not for loan Location (home branch) Sublocation or collection (holding branch) Date acquired Koha issues (times borrowed) Koha full call number Accession No. Koha date last seen Koha item type
        VIVEKANANDA LIBRARY VIVEKANANDA LIBRARY 23/10/2017 4 547.139 M896R 362916 05/04/2025 Books
        VIVEKANANDA LIBRARY VIVEKANANDA LIBRARY 23/10/2017 10 547.139 M896R 362917 08/04/2026 Books
        VIVEKANANDA LIBRARY VIVEKANANDA LIBRARY 23/10/2017 1 547.139 M896R 362918 10/11/2025 Books
        VIVEKANANDA LIBRARY VIVEKANANDA LIBRARY 23/10/2017 6 547.139 M896R 362920 24/03/2026 Books
© Designed and Maintained by Vivekananda Library, MDU Rohtak